Essays in honor of C. Bradford Welles /

محفوظ في:

المؤلف الرئيسي: Welles, C. Bradford 1901-1970 (مؤلف)

التنسيق: كتاب

اللغة: English
French
German

منشور في: New Haven : American Society of Papyrologists, 1966.

سلاسل: American Studies in Papyrology ; 1.
ASP ; 1.

الموضوعات:

الوسوم: إضافة وسم

لا توجد وسوم, كن أول من يضع وسما على هذه التسجيلة!

رقم الطلب: PA3339 .A51 v.1

LEADER 00865nam a22002657a 4500
003 OSt
005 20250929113650.0
008 250929t1966 ctua g 010 0 eng d
010 |a 77367456 
040 |c ARCE Library 
041 0 |a eng  |a fre  |a ger 
050 1 4 |a PA3339  |b .A51 v.1 
100 1 |a Welles, C. Bradford   |q (Charles Bradford),  |d 1901-1970,  |e author  |9 42044 
245 1 0 |a Essays in honor of C. Bradford Welles /   |c C. Bradford Welles. 
264 1 |a New Haven :   |b American Society of Papyrologists,   |c 1966. 
300 |a xxii, 250 pages :   |b illustrations ;   |c 29 cm. 
490 1 |a American Studies in Papyrology ;   |v 1. 
490 1 |a ASP ;   |v 1. 
546 |a English, French or German. 
650 0 |a Manuscripts, Greek (Papyri) 
830 0 |a American Studies in Papyrology ;   |v 1. 
830 0 |a ASP ;   |v 1. 
901 |a reviewed 
942 |c BK  |2 lcc 
999 |c 22315  |d 22315